<?xml version="1.0" encoding="UTF-8"?>
<record
    xmlns:xsi="http://www.w3.org/2001/XMLSchema-instance"
    xsi:schemaLocation="http://www.loc.gov/MARC21/slim http://www.loc.gov/standards/marcxml/schema/MARC21slim.xsd"
    xmlns="http://www.loc.gov/MARC21/slim">

  <leader>00902nam a22002177a 4500</leader>
  <controlfield tag="003">OSt</controlfield>
  <controlfield tag="005">20170628020005.0</controlfield>
  <controlfield tag="008">170130b        xxu||||| |||| 00| 0 eng d</controlfield>
  <datafield tag="040" ind1=" " ind2=" ">
    <subfield code="a">AIU Library - Kenya</subfield>
    <subfield code="c">AIU Library - Kenya</subfield>
    <subfield code="d">AIU Library - Kenya</subfield>
  </datafield>
  <datafield tag="050" ind1=" " ind2=" ">
    <subfield code="a">PJ 8991</subfield>
    <subfield code="b">.M33 2016</subfield>
  </datafield>
  <datafield tag="100" ind1=" " ind2=" ">
    <subfield code="9">41923</subfield>
    <subfield code="a">Madebo, Getachew Yohannes.</subfield>
  </datafield>
  <datafield tag="245" ind1=" " ind2=" ">
    <subfield code="a">Converbs and concessive conjuctions in Baskeet : </subfield>
    <subfield code="b">with special reference to the translation of the Baskeet New Testament</subfield>
    <subfield code="c">by Getachew Yohannes Madebo.</subfield>
  </datafield>
  <datafield tag="260" ind1=" " ind2=" ">
    <subfield code="a">Nairobi, Kenya : </subfield>
    <subfield code="c">2016.</subfield>
  </datafield>
  <datafield tag="300" ind1=" " ind2=" ">
    <subfield code="a">x, 123 p.;</subfield>
  </datafield>
  <datafield tag="490" ind1=" " ind2=" ">
    <subfield code="a">Thesis (M.A. Translation Studies) Africa International University (Kenya)</subfield>
  </datafield>
  <datafield tag="500" ind1=" " ind2=" ">
    <subfield code="a">Thesis (M.A. Translation Studies) &#x2013; AIU, Nairobi, 2016.
[Africana]</subfield>
  </datafield>
  <datafield tag="504" ind1=" " ind2=" ">
    <subfield code="a">Includes bibliography.</subfield>
  </datafield>
  <datafield tag="650" ind1=" " ind2=" ">
    <subfield code="a">Ethiopian languages.</subfield>
    <subfield code="9">41924</subfield>
  </datafield>
  <datafield tag="650" ind1=" " ind2=" ">
    <subfield code="a">Baskeet (African language) </subfield>
    <subfield code="x">Grammar.</subfield>
    <subfield code="9">41925</subfield>
  </datafield>
  <datafield tag="942" ind1=" " ind2=" ">
    <subfield code="2">lcc</subfield>
    <subfield code="c">AFR(R)</subfield>
    <subfield code="0">4</subfield>
  </datafield>
  <datafield tag="999" ind1=" " ind2=" ">
    <subfield code="c">63007</subfield>
    <subfield code="d">62981</subfield>
  </datafield>
  <datafield tag="952" ind1=" " ind2=" ">
    <subfield code="0">0</subfield>
    <subfield code="1">0</subfield>
    <subfield code="2">lcc</subfield>
    <subfield code="4">0</subfield>
    <subfield code="7">0</subfield>
    <subfield code="8">THE</subfield>
    <subfield code="a">CPL</subfield>
    <subfield code="b">CPL</subfield>
    <subfield code="c">THE</subfield>
    <subfield code="d">2017-01-30</subfield>
    <subfield code="e">Donation</subfield>
    <subfield code="g">10.00</subfield>
    <subfield code="l">0</subfield>
    <subfield code="o">THE PJ 8991.M33 2016</subfield>
    <subfield code="p">R38186N3232</subfield>
    <subfield code="r">2019-09-26 00:00:00</subfield>
    <subfield code="t">1</subfield>
    <subfield code="w">2017-01-30</subfield>
    <subfield code="y">AFR(R)</subfield>
  </datafield>
  <datafield tag="952" ind1=" " ind2=" ">
    <subfield code="0">0</subfield>
    <subfield code="1">0</subfield>
    <subfield code="2">lcc</subfield>
    <subfield code="4">0</subfield>
    <subfield code="7">0</subfield>
    <subfield code="8">GEN</subfield>
    <subfield code="a">CPL</subfield>
    <subfield code="b">CPL</subfield>
    <subfield code="c">GEN</subfield>
    <subfield code="d">2017-01-30</subfield>
    <subfield code="e">Donation</subfield>
    <subfield code="g">10.00</subfield>
    <subfield code="l">6</subfield>
    <subfield code="m">3</subfield>
    <subfield code="o">PJ 8991.M33 2016</subfield>
    <subfield code="p">R38187P3232</subfield>
    <subfield code="r">2023-07-19 20:26:33</subfield>
    <subfield code="s">2023-07-12</subfield>
    <subfield code="t">2</subfield>
    <subfield code="w">2017-01-30</subfield>
    <subfield code="y">AFR(G)</subfield>
  </datafield>
</record>
